Autodesk revit architecture 2008 : for architects and building designers (Record no. 376081)

MARC details
000 -LEADER
fixed length control field 00544nam a2200181Ia 4500
008 - FIXED-LENGTH DATA ELEMENTS--GENERAL INFORMATION
fixed length control field 191130s2010##################000#0#eng##
020 ## - INTERNATIONAL STANDARD BOOK NUMBER
ISBN 9788177228991
082 ## - DEWEY DECIMAL CLASSIFICATION NUMBER
Classification number 720.0285 TIC
100 ## - MAIN ENTRY--AUTHOR NAME
Personal name Tickoo, Sham
245 ## - TITLE STATEMENT
Title Autodesk revit architecture 2008 : for architects and building designers
Statement of responsibility, etc Sham Tickoo
260 ## - PUBLICATION, DISTRIBUTION, ETC. (IMPRINT)
Place of publication New Delhi
Name of publisher Dreamtech Press
Year of publication 2010
300 ## - PHYSICAL DESCRIPTION
Number of Pages 1 v. (various pagings) : col. ill
650 ## - SUBJECT ADDED ENTRY--TOPICAL TERM
Topical Term Autodesk
991 ## -
-- 303638
Holdings
Withdrawn status Lost status Damaged status Not for loan Home library Current library Shelving location Date acquired Full call number Accession Number Price effective from Koha item type
        Anna Centenary Library Anna Centenary Library 6TH FLOOR, B WING 17.10.2020 720.0285 TIC 125897 17.10.2020 English Books

Find us on the map